Mathematics For Electrical Science And Physical Science 3 (Record no. 38166)
[ view plain ]
| 000 -LEADER | |
|---|---|
| fixed length control field | 00399nam a22001577a 4500 |
| 082 ## - DEWEY DECIMAL CLASSIFICATION NUMBER | |
| Classification number | 510 SAJ |
| 100 ## - MAIN ENTRY--AUTHOR NAME | |
| Personal name | Sajikumar S |
| 100 ## - MAIN ENTRY--AUTHOR NAME | |
| Personal name | Haritha Vijay |
| 245 ## - TITLE STATEMENT | |
| Title | Mathematics For Electrical Science And Physical Science 3 |
| 250 ## - EDITION STATEMENT | |
| Edition statement | 1 |
| 260 ## - PUBLICATION, DISTRIBUTION, ETC. (IMPRINT) | |
| Name of publisher | Owl Books |
| Place of publication | Thiruvananthapuram |
| Year of publication | 2025 |
| 546 ## - LANGUAGE NOTE | |
| Language note | Language : English |
| 650 ## - SUBJECT ADDED ENTRY--TOPICAL TERM | |
| Topical Term | APS |
| 942 ## - ADDED ENTRY ELEMENTS (KOHA) | |
| Koha item type | Text Book |
| 952 ## - LOCATION AND ITEM INFORMATION (KOHA) | |
| Damaged status | |
| Not for loan | |
| 952 ## - LOCATION AND ITEM INFORMATION (KOHA) | |
| Damaged status | |
| Not for loan | |
| 952 ## - LOCATION AND ITEM INFORMATION (KOHA) | |
| Damaged status | |
| Not for loan | |
| 952 ## - LOCATION AND ITEM INFORMATION (KOHA) | |
| Damaged status | |
| Not for loan | |
| 952 ## - LOCATION AND ITEM INFORMATION (KOHA) | |
| Damaged status | |
| Not for loan | |
| 952 ## - LOCATION AND ITEM INFORMATION (KOHA) | |
| Damaged status | |
| Not for loan | |
| 952 ## - LOCATION AND ITEM INFORMATION (KOHA) | |
| Damaged status | |
| Not for loan | |
| 952 ## - LOCATION AND ITEM INFORMATION (KOHA) | |
| Damaged status | |
| Not for loan | |
| 952 ## - LOCATION AND ITEM INFORMATION (KOHA) | |
| Damaged status | |
| Not for loan | |
| 952 ## - LOCATION AND ITEM INFORMATION (KOHA) | |
| Damaged status | |
| Not for loan | |
| 952 ## - LOCATION AND ITEM INFORMATION (KOHA) | |
| Damaged status | |
| Not for loan | |
| 952 ## - LOCATION AND ITEM INFORMATION (KOHA) | |
| Damaged status | |
| Not for loan | |
| 952 ## - LOCATION AND ITEM INFORMATION (KOHA) | |
| Damaged status | |
| Not for loan | |
| 952 ## - LOCATION AND ITEM INFORMATION (KOHA) | |
| Damaged status | |
| Not for loan | |
| 952 ## - LOCATION AND ITEM INFORMATION (KOHA) | |
| Damaged status | |
| Not for loan | |
| 952 ## - LOCATION AND ITEM INFORMATION (KOHA) | |
| Damaged status | |
| Not for loan | |
| 952 ## - LOCATION AND ITEM INFORMATION (KOHA) | |
| Damaged status | |
| Not for loan | |
| 952 ## - LOCATION AND ITEM INFORMATION (KOHA) | |
| Damaged status | |
| Not for loan | |
| 952 ## - LOCATION AND ITEM INFORMATION (KOHA) | |
| Damaged status | |
| Not for loan | |
| 952 ## - LOCATION AND ITEM INFORMATION (KOHA) | |
| Damaged status | |
| Not for loan | |
| Withdrawn status | Collection code | Permanent Location | Current Location | Shelving location | Date acquired | Source of acquisition | Cost, normal purchase price | Inventory number | Full call number | Accession Number | Price effective from | Koha item type |
|---|---|---|---|---|---|---|---|---|---|---|---|---|
| MATHEMATICS | VAST Central Library | VAST Central Library | TAB-26/S-139/AS | 16/12/2025 | Minerva Books | 175.50 | 96 | 510 SAJ | 38314 | 26/12/2025 | Text Book | |
| MATHEMATICS | VAST Central Library | VAST Central Library | TAB-26/S-139/AS | 16/12/2025 | Minerva Books | 172.50 | 96 | 510 SAJ | 38315 | 26/12/2025 | Text Book | |
| MATHEMATICS | VAST Central Library | VAST Central Library | TAB-26/S-139/AS | 16/12/2025 | Minerva Books | 172.50 | 96 | 510 SAJ | 38316 | 26/12/2025 | Text Book | |
| MATHEMATICS | VAST Central Library | VAST Central Library | TAB-26/S-139/AS | 16/12/2025 | Minerva Books | 172.50 | 96 | 510 SAJ | 38317 | 26/12/2025 | Text Book | |
| MATHEMATICS | VAST Central Library | VAST Central Library | TAB-26/S-139/AS | 16/12/2025 | Minerva Books | 172.50 | 96 | 510 SAJ | 38318 | 26/12/2025 | Text Book | |
| MATHEMATICS | VAST Central Library | VAST Central Library | TAB-26/S-139/AS | 16/12/2025 | Minerva Books | 172.50 | 96 | 510 SAJ | 38319 | 26/12/2025 | Text Book | |
| MATHEMATICS | VAST Central Library | VAST Central Library | TAB-26/S-139/AS | 16/12/2025 | Minerva Books | 172.50 | 96 | 510 SAJ | 38320 | 26/12/2025 | Text Book | |
| MATHEMATICS | VAST Central Library | VAST Central Library | TAB-26/S-139/AS | 16/12/2025 | Minerva Books | 172.50 | 96 | 510 SAJ | 38321 | 26/12/2025 | Text Book | |
| MATHEMATICS | VAST Central Library | VAST Central Library | TAB-26/S-139/AS | 16/12/2025 | Minerva Books | 172.50 | 96 | 510 SAJ | 38322 | 26/12/2025 | Text Book | |
| MATHEMATICS | VAST Central Library | VAST Central Library | TAB-26/S-139/AS | 16/12/2025 | Minerva Books | 172.50 | 96 | 510 SAJ | 38323 | 26/12/2025 | Text Book | |
| MATHEMATICS | VAST Central Library | VAST Central Library | TAB-26/S-139/AS | 16/12/2025 | Minerva Books | 172.50 | 96 | 510 SAJ | 38324 | 26/12/2025 | Text Book | |
| MATHEMATICS | VAST Central Library | VAST Central Library | TAB-26/S-139/AS | 16/12/2025 | Minerva Books | 172.50 | 96 | 510 SAJ | 38325 | 26/12/2025 | Text Book | |
| MATHEMATICS | VAST Central Library | VAST Central Library | TAB-26/S-139/AS | 16/12/2025 | Minerva Books | 172.50 | 96 | 510 SAJ | 38326 | 26/12/2025 | Text Book | |
| MATHEMATICS | VAST Central Library | VAST Central Library | TAB-26/S-139/AS | 16/12/2025 | Minerva Books | 172.50 | 96 | 510 SAJ | 38327 | 26/12/2025 | Text Book | |
| MATHEMATICS | VAST Central Library | VAST Central Library | TAB-26/S-139/AS | 16/12/2025 | Minerva Books | 172.50 | 96 | 510 SAJ | 38328 | 26/12/2025 | Text Book | |
| MATHEMATICS | VAST Central Library | VAST Central Library | TAB-26/S-139/AS | 16/12/2025 | Minerva Books | 172.50 | 96 | 510 SAJ | 38329 | 26/12/2025 | Text Book | |
| MATHEMATICS | VAST Central Library | VAST Central Library | TAB-26/S-139/AS | 16/12/2025 | Minerva Books | 172.50 | 96 | 510 SAJ | 38330 | 26/12/2025 | Text Book | |
| MATHEMATICS | VAST Central Library | VAST Central Library | TAB-26/S-139/AS | 16/12/2025 | Minerva Books | 172.50 | 96 | 510 SAJ | 38331 | 26/12/2025 | Text Book | |
| MATHEMATICS | VAST Central Library | VAST Central Library | TAB-26/S-139/AS | 16/12/2025 | Minerva Books | 172.50 | 96 | 510 SAJ | 38332 | 26/12/2025 | Text Book | |
| MATHEMATICS | VAST Central Library | VAST Central Library | TAB-26/S-139/AS | 16/12/2025 | Minerva Books | 172.50 | 96 | 510 SAJ | 38333 | 26/12/2025 | Text Book |